000 00525nam a22001695i 4500
001 48594
003 ES-MaACL
005 20230906161759.0
007 t|
008 950726s1887 fr ac ||||1| fre d
040 _aCAM
_bspa
_cCAM
100 1 _aDesnoiresterres, Gustave.
_943908
245 1 3 _aLe chevalier dorat et les poètes légers au XVIII siècle /
_cpar Gustave Desnoiresterres...
260 _aParis :
_bPerrin et Cie,
_c1887.
300 _aXII, 468 p., [3] h. de lám. ret. ;
_c19 cm.
852 _aES-MaACL
_jF-5861
999 _c48594
_d48594